Teória a prax stabilizačnej politiky

Kríza roku 2008 viedla k tomu, že mnoho ekonómov vyzýva k fiškálnej expanzii. V príspevku autor uvádza teoretické dôvody, prečo je želateľné stabilizovať vývoj ekonomiky. V krátkosti prezentuje súčasnú diskusiu o fiškálnej a monetárnej politike. Sústreďuje sa na to, prečo sa v súčasnosti odporúča fi...

Ausführliche Beschreibung

Gespeichert in:
Bibliographische Detailangaben
1. Verfasser: Dujava, Daniel
Format: Buchkapitel
Sprache:Slowakisch
Schlagworte:
Tags: Tag hinzufügen
Keine Tags, Fügen Sie das erste Tag hinzu!

MARC

LEADER 00000nla a2200000 4500
001 0193865
005 20240502073239.4
041 0 |a slo 
044 |a SK 
245 1 0 |a Teória a prax stabilizačnej politiky  |c Daniel Dujava 
520 |a Kríza roku 2008 viedla k tomu, že mnoho ekonómov vyzýva k fiškálnej expanzii. V príspevku autor uvádza teoretické dôvody, prečo je želateľné stabilizovať vývoj ekonomiky. V krátkosti prezentuje súčasnú diskusiu o fiškálnej a monetárnej politike. Sústreďuje sa na to, prečo sa v súčasnosti odporúča fiškálna politika aj napriek tomu, že počas posledných dekád boli nástroje fiškálnej politiky považované za nepotrebné. 
610 2 0 |a vývoj hospodársky 
610 2 0 |a stabilizácia hospodárstva 
610 2 0 |a politika menová 
610 2 0 |a politika fiškálna 
100 1 |a Dujava, Daniel